[Event "Leuven op 24th"]
[Site "Leuven"]
[Date "2012.11.04"]
[Round "4"]
[White "Claesen, Pieter"]
[Black "Oliva Olave, Carlos"]
[Result "1/2-1/2"]
[WhiteElo "2347"]
[BlackElo "2145"]
[PlyCount "67"]
[EventDate "2012.11.01"]
[EventType "swiss"]
[EventRounds "7"]
[EventCountry "BEL"]
[SourceTitle "EXT 2013"]
[Source "ChessBase"]
[SourceDate "2012.11.22"]
[SourceVersion "1"]
[SourceVersionDate "2012.11.22"]
[SourceQuality "1"]

1. c4 c5 2. Nc3 Nc6 3. Nf3 g6 4. e3 Bg7 5. d4 d6 6. Be2 Nh6 7. d5 Bxc3+ 8. bxc3 Na5 9. h4 f6 10. e4 Nf7 11. h5 g5 12. Nd2 Ne5 13. Nf1 Bd7 14. Ne3 Qb6 15. g3 0-0-0 16. f4 gxf4 17. gxf4 Nf7 18. Bg4 Qc7 19. h6 Bxg4 20. Qxg4+ Qd7 21. Qf5 Qxf5 22. exf5 Rhg8 23. Kf2 Kd7 24. Bd2 Rdf8 25. Kf3 b6 26. Rae1 Kd8 27. Re2 Kd7 28. Be1 Kd8 29. Bf2 Kd7 30. Ree1 Kd8 31. Ke4 Kd7 32. Kd3 Kd8 33. Rh4 Kd7 34. Rhh1 1/2-1/2

[Event "Santiago Endesa Interempresas tt-A"]
[Site "Santiago de Chile"]
[Date "2010.07.13"]
[Round "1"]
[White "Oliva Olave, Carlos"]
[Black "Torres Bravo, Cristobal Renato"]
[Result "1-0"]
[WhiteElo "2102"]
[BlackElo "2231"]
[PlyCount "85"]
[EventDate "2010.07.13"]
[EventType "team"]
[EventRounds "13"]
[EventCountry "CHI"]
[SourceTitle "EXT 2012"]
[Source "ChessBase"]
[SourceDate "2011.11.24"]
[SourceVersion "1"]
[SourceVersionDate "2011.11.24"]
[SourceQuality "1"]

1. e4 c5 2. Nf3 Nc6 3. d4 cxd4 4. Nxd4 Nf6 5. Nc3 e5 6. Ndb5 d6 7. Bg5 a6 8. Na3 b5 9. Nd5 Be7 10. Bxf6 Bxf6 11. c3 Ne7 12. Nc2 Nxd5 13. Qxd5 Be6 14. Qc6+ Ke7 15. Ne3 Qd7 16. Qxd7+ Kxd7 17. Bd3 Bg5 18. Ke2 g6 19. a4 Kc6 20. Nc2 f5 21. Nb4+ Kc5 22. axb5 axb5 23. Na6+ Kb6 24. Nb4 Rhd8 25. Rxa8 Rxa8 26. h4 Bf6 27. h5 fxe4 28. Bxe4 Bc4+ 29. Kf3 Rf8 30. Kg3 Kc5 31. Na6+ Kb6 32. Nb4 Kc5 33. Ra1 gxh5 34. Ra6 Rc8 35. Bxh7 Bg5 36. Bf5 Rc7 37. f3 Bc1 38. b3 Bf4+ 39. Kf2 Bxb3 40. Ra3 Rf7 41. Nd3+ Kc6 42. Bg6 Rf6 43. Be8+ 1-0

[Event "Santiago Endesa Interempresas tt-A"]
[Site "Santiago de Chile"]
[Date "2009.09.22"]
[Round "10"]
[White "Jorquera Cahuin, Marcelo Joaquin"]
[Black "Oliva Olave, Carlos"]
[Result "1/2-1/2"]
[WhiteElo "2328"]
[BlackElo "2110"]
[PlyCount "108"]
[EventDate "2009.07.21"]
[EventType "team"]
[EventRounds "13"]
[EventCountry "CHI"]
[SourceTitle "EXT 2012"]
[Source "ChessBase"]
[SourceDate "2011.11.24"]
[SourceVersion "1"]
[SourceVersionDate "2011.11.24"]
[SourceQuality "1"]

1. e4 c5 2. Nf3 d6 3. Bc4 e6 4. Qe2 Nc6 5. c3 Be7 6. Bb3 e5 7. h3 Nf6 8. 0-0 0-0 9. Rd1 Qc7 10. d4 Na5 11. Bc2 a6 12. dxe5 dxe5 13. Bg5 Be6 14. Nbd2 Rfd8 15. a4 c4 16. Nf1 Nb3 17. Rab1 Nc5 18. Bxf6 Bxf6 19. Ne3 b5 20. axb5 axb5 21. Ng4 Bxg4 22. hxg4 h6 23. Qe3 Ne6 24. Rd5 Nf4 25. Rdd1 Rxd1+ 26. Bxd1 Qd7 27. g3 Nd3 28. Be2 Ra2 29. b3 Qxg4 30. Bxd3 cxd3 31. Qxd3 Qc8 32. Rd1 Qc5 33. Rd2 Ra1+ 34. Kg2 Qa3 35. Rd1 Rxd1 36. Qxd1 Qc5 37. Qd3 Kf8 38. c4 bxc4 39. bxc4 Ke7 40. Qd5 Qxd5 41. exd5 Kd7 42. g4 g6 43. Kg3 Bg7 44. g5 Kd6 45. Nd2 hxg5 46. Ne4+ Kd7 47. Nxg5 f5 48. Ne6 Bf6 49. Nf8+ Kd6 50. Ne6 g5 51. f3 e4 52. fxe4 fxe4 53. Kg4 Ke5 54. Kg3 Be7 1/2-1/2

[Event "Honor Club Chile op"]
[Site "Santiago de Chile"]
[Date "2004.05.03"]
[Round "4"]
[White "Oliva Olave, Carlos"]
[Black "Ipinza, Marco"]
[Result "1-0"]
[WhiteElo "2007"]
[BlackElo "2022"]
[PlyCount "89"]
[EventDate "2004.04.26"]
[EventType "swiss"]
[EventRounds "7"]
[EventCountry "CHI"]
[SourceTitle "EXT 2005"]
[Source "ChessBase"]
[SourceDate "2004.11.15"]
[SourceVersion "1"]
[SourceVersionDate "2004.11.15"]
[SourceQuality "1"]

1. e4 c5 2. Nf3 d6 3. d4 cxd4 4. Nxd4 Nf6 5. Nc3 g6 6. Be3 Bg7 7. f3 0-0 8. Qd2 Nc6 9. Bc4 Bd7 10. 0-0-0 Rc8 11. Bb3 Ne5 12. h4 h5 13. Bg5 Rc5 14. Kb1 b5 15. g4 Nc4 16. Bxc4 bxc4 17. gxh5 Nxh5 18. Nd5 f6 19. Bh6 e6 20. Bxg7 Kxg7 21. Nc3 Qb6 22. Ka1 Rb8 23. Rb1 Qb4 24. Rhg1 Ra5 25. Qg2 Nf4 26. Qg4 Rb6 27. Qxf4 Rba6 28. Rxg6+ Kxg6 29. Rg1+ Kf7 30. Qh6 Ke7 31. Qg7+ Kd8 32. Qxf6+ Kc7 33. Nxe6+ Kc6 34. Nd4+ Kc7 35. Nd5+ Rxd5 36. exd5 c3 37. Nb3 cxb2+ 38. Qxb2 Qc4 39. h5 Qxd5 40. h6 Qf5 41. Nd4 Qh7 42. Rh1 d5 43. Qc3+ Kd8 44. Qd3 Rg6 45. Qxg6 1-0